000 00656cam a2200241 4500500
005 20260329004258.0
041 _afre
042 _adc
100 1 0 _aRahli, Hocine
_eauthor
245 0 0 _aPourquoi donnons-nous aux pauvres ?
260 _c2019.
500 _a52
690 _aArgent
690 _aAumône
690 _aCharité
690 _aClochard
690 _aDon
690 _aNietzsche
690 _aPauvres
690 _aPauvreté
786 0 _nPhilosophie magazine | 129 | 5 | 2019-05-01 | p. 40-40 | 1951-1787
856 4 1 _uhttps://shs.cairn.info/magazine-philosophie-magazine-2019-5-page-40?lang=fr&redirect-ssocas=7080
999 _c1832407
_d1832407